Normal view
MARC view
Entry Personal Name
001 - CONTROL NUMBER
- control field: 35041
003 - CONTROL NUMBER IDENTIFIER
- control field: dpl
005 - DATE AND TIME OF LATEST TRANSACTION
- control field: 20110929114309.0
008 - FIXED-LENGTH DATA ELEMENTS
- fixed length control field: 110929|||a|||||| | ||| d
040 ## - CATALOGING SOURCE
- Original cataloging agency: dpl
- Transcribing agency: dpl
100 ## - HEADING--PERSONAL NAME
- Personal name: Gauhar, G.N.
670 ## - SOURCE DATA FOUND
- Source citation: Work cat.: (dpl): Gauhar, G.N., Hazratbal:, 2008
670 ## - SOURCE DATA FOUND
- Source citation: Work cat.: (dpl): Gauhar, G.N., Hazratbal:, 2008
